Пропуск в контексте

Исторические правооснования России в Арктике: современная концепция защиты

Представлено целостное исследование истории формирования правовых оснований распространения властных полномочий России на арктические пространства, которое позволило определить периодизацию этого процесса, охарактеризовать допущенные в 90-х гг. прошлого века изменения в нем с точки зрения влияния на...

Полное описание

Сохранить в:
Библиографические подробности
Главный автор: Жудро И. С.
Формат: Книга
Язык:Russian
Опубликовано: Архангельск САФУ 2018
Online-ссылка:https://e.lanbook.com/book/161904
https://e.lanbook.com/img/cover/book/161904.jpg
Метки: Добавить метку
Нет меток, Требуется 1-ая метка записи!
LEADER 02942nam0a2200265 i 4500
001 161904
003 RuSpLAN
005 20221220174114.0
008 221220s2018 ru gs 000 0 rus
020 |a 978-5-261-01338-9 
040 |a RuSpLAN 
041 0 |a rus 
044 |a ru 
080 |a 341.228(98) 
084 |a 67.412.1(21)  |2 rubbk 
245 0 0 |a Исторические правооснования России в Арктике: современная концепция защиты  |c Жудро И. С. 
260 |a Архангельск  |b САФУ  |c 2018 
300 |a 328 с. 
504 |a Библиогр.: доступна в карточке книги, на сайте ЭБС Лань 
520 8 |a Представлено целостное исследование истории формирования правовых оснований распространения властных полномочий России на арктические пространства, которое позволило определить периодизацию этого процесса, охарактеризовать допущенные в 90-х гг. прошлого века изменения в нем с точки зрения влияния на национальную безопасность государства, выявить предопределенность современного международно-правового режима Арктики естественными географическими и климатическими особенностями Северного Ледовитого океана, свойственные ему противоречия, а также стержневую роль в процессе формирования этого режима международных обычаев. В работе на основе анализа содержания правового понятия «континентальный шельф прибрежного государства», принципов установления его границ, а также сопоставления различных подходов к проблеме разграничения арктического шельфа сформулированы теоретические основы современной концепции защиты прав Российской Федерации на арктический шельф, имеющие своей целью обеспечение безопасности нашего государства. 
521 8 |a Книга из коллекции САФУ - Право. Юридические науки 
100 1 |a Жудро И. С. 
856 4 |u https://e.lanbook.com/book/161904 
856 4 8 |u https://e.lanbook.com/img/cover/book/161904.jpg 
953 |a https://e.lanbook.com/img/cover/book/161904.jpg